000 00738nam a2200241Ia 4500
005 20260430150546.0
008 008 250103s9999 xx 000 0 eng d
037 _aTheses
040 _aCRL
040 _beng
040 _ceng
041 _2eng
041 _aeng
084 _qCRL
100 _aYadav Nitin Au.; Dixit Aparna Gu.
_91237852
245 0 _aUnderstanding the Molecular Mechanisms of Epileptogenesis in Drug-Resistant Focal Epilepsy for the Identification of Pathology-Specificpotential Biomarkers
260 _c2024
300 _a200p.
650 _aMedicine
700 _aUniversity of Delhi. Faculty of Medical Sciences. Deptt.of Medical Bio-Medical Research
942 _cTH
999 _c1850075
_d1850075